000 00538nam a22001337a 4500
008 140212b xxu||||| |||| 00| 0 eng d
050 _aBP190.5.W35S66 2004
100 _aSookhdeo, Patrick
_98632
245 _aUnderstanding Islamic Terrorism
_bThe Islamic Doctrine of War
_cPatrick Sookhdeo
260 _aWiltshire
_bIsaac Publishing
_c2004
300 _a302p. ;20cm.
650 _aWar-Religious aspects-islam, War(Islamic law, terrorism-Religious aspects-Islam, Islamic countries-Foreign relations
_98633
942 _2lcc
_cMONOGRAPH
999 _c120050
_d120050